Anagram challenge - Statistics

General Stats
  • This quiz has been taken 28 times
  • The average score is 16 of 20
Answer Stats
Anagram Answer % Correct
Pure Peru
100%
Also Laos
96%
Plane Nepal
96%
Reign Niger
96%
Regalia Algeria
88%
Analog Angola
88%
Moon race Cameroon
84%
Serial Israel
84%
Enemy Yemen
84%
Swan boat Botswana
80%
Orcs moo Comoros
80%
Big mule Belgium
76%
Rabies Serbia
76%
Ruin dub Burundi
72%
Tearier Eritrea
72%
Aneurism Suriname
72%
Big Laura Bulgaria
68%
Creep Dave Cape Verde
68%
Estimator East Timor
56%
Romanians San Marino
48%
No matching quizzes found
Score Distribution
Percent of People with Each Score
Percentile by Number Answered
Your Score History
You have not taken this quiz